000 00509nam a2200193Ia 4500
003 GCL
008 140319s9999 xx 000 0 eng d
040 _aGCL /
_cGCL
082 0 4 _a822.052
_bC E
100 1 _aHOLLAND, PETER R.
245 1 0 _aENGLISH COMEDY /
_cHOLLAND, PETER R.
700 1 _aCORDNER, MICHAEL
700 1 _aKERRIGAN, JOHN
260 _a[S.N] :
_bCAMBRIDGE UNIVERSITY PRESS ،
_c1994
300 _a323 P
650 0 4 _aHISTORY AND CRITICISM
650 0 4 _aENGLISH DRAMA
942 _2ddc
_cBK
999 _c24882
_d24882